Notes on centrifugal concentration of latex (Record no. 64070)

MARC details
000 -LEADER
fixed length control field 00315nam a2200109Ia 4500
100 ## - MAIN ENTRY--AUTHOR NAME
Personal name Piddlesden J H
245 #0 - TITLE STATEMENT
Title Notes on centrifugal concentration of latex
260 ## - PUBLICATION, DISTRIBUTION, ETC. (IMPRINT)
Name of publisher Journal of the Rubber Research Institute of Malaya
Year of publication 1937
300 ## - PHYSICAL DESCRIPTION
Number of Pages 169-178
942 ## - ADDED ENTRY ELEMENTS (KOHA)
Koha item type Journals
Holdings
Withdrawn status Lost status Damaged status Not for loan Home library Current library Date acquired Serial Enumeration / chronology Koha item type
      Journals RRII Library RRII Library 17/12/2021 Volume 7, Issue 2 Journals